[Event "28th Avoine Open"]
[Site "Avoine FRA"]
[Date "2013.07.23"]
[Round "4.27"]
[White "Yche,M"]
[Black "Bizovi,M"]
[Result "0-1"]
[WhiteElo "1950"]
[BlackElo "2137"]

1.e4 c5 2.Nc3 Nc6 3.Bb5 Na5 4.d3 a6 5.Ba4 b5 6.Bb3 e6 7.Qe2 Bb7 8.f4 Ne7
9.f5 Nec6 10.Nf3 Be7 11.fxe6 dxe6 12.O-O O-O 13.Be3 Nd4 14.Qf2 Nac6 15.Bxd4 cxd4
16.Ne2 Bf6 17.Nf4 g6 18.Qg3 Bg7 19.Ng5 Bc8 20.Nxf7 Rxf7 21.Nxe6 Rxf1+ 22.Rxf1 Bxe6
23.Bxe6+ Kh8 24.Rf7 Ra7 25.Rf3 Ne5 26.Rf1 Qd6 27.Bd5 h5 28.c3 Qb6 29.Kh1 Rc7
30.cxd4 Qxd4 31.Qh4 Rc8 32.Rd1 Nxd3  0-1

[Event "31st Andorra Open"]
[Site "La Massana AND"]
[Date "2013.07.23"]
[Round "4.11"]
[White "Ibarra Jerez,JC"]
[Black "Devereaux,M"]
[Result "1/2-1/2"]
[WhiteElo "2538"]
[BlackElo "2356"]

1.e4 c5 2.Nf3 Nc6 3.Nc3 g6 4.d4 cxd4 5.Nxd4 Bg7 6.Be3 Nf6 7.Bc4 O-O 8.Bb3 a5
9.O-O a4 10.Nxa4 Nxe4 11.Nb5 d5 12.Bb6 Qd7 13.Nc7 Rxa4 14.Bxa4 Bxb2 15.Qxd5 Bxa1
16.Qxe4 Bg7 17.c4 Qd6 18.c5 Qd2 19.Bxc6 bxc6 20.Qxe7 Bf5 21.Qe3 Qxa2 22.Ne8 Qe6
23.Qxe6 Bxe6 24.Nxg7 Kxg7 25.Bc7 Ra8 26.Be5+ f6 27.Ra1 Rxa1+ 28.Bxa1 Kf7
29.f3  1/2-1/2

[Event "28th Avoine Open"]
[Site "Avoine FRA"]
[Date "2013.07.24"]
[Round "5.33"]
[White "Dessenne,F"]
[Black "Grollemund,B"]
[Result "0-1"]
[WhiteElo "2017"]
[BlackElo "2163"]

1.e4 c5 2.Nf3 Nc6 3.Nc3 Nf6 4.Bc4 e6 5.e5 Ng4 6.Qe2 Qc7 7.d4 a6 8.d5 Ncxe5
9.Bf4 Nd3+ 10.Bxd3 Qxf4 11.dxe6 dxe6 12.Nd5 Qd6 13.O-O-O Be7 14.Nf6+ Nxf6
15.Bb5+ axb5 16.Rxd6 Bxd6 17.Qxb5+ Bd7 18.Qd3 Bf4+ 19.Kb1 O-O 20.g3 Bc7 21.g4 Bc6
22.Rg1 Bd5 23.a3 b6 24.g5 Ne4 25.Qe2 Rxa3 26.Rg4 Rfa8 27.c3 Nxc3+ 28.bxc3 Ra1+
29.Kc2 R8a2+ 30.Kd3 Bc4+  0-1

[Event "65th ch-MNE 2013"]
[Site "Cetinje SRB"]
[Date "2013.07.24"]
[Round "5.4"]
[White "Karisik,N"]
[Black "Nikcevic,N"]
[Result "0-1"]
[WhiteElo "2086"]
[BlackElo "2441"]

1.e4 c5 2.Nf3 Nc6 3.Nc3 g6 4.d4 cxd4 5.Nxd4 Bg7 6.Be3 Nf6 7.Bc4 O-O 8.Bb3 e6
9.Qf3 a6 10.O-O-O Qc7 11.g4 Ne5 12.Qg3 Nfxg4 13.Bf4 d6 14.h4 h5 15.f3 Nf6
16.Rhg1 b5 17.Nf5 Nfd7 18.Nxd6 Rb8 19.Rd2 Qc5 20.Nd5 Kh8 21.Nxc8 Rbxc8 22.Be3 Qd6
23.Nb6 Nd3+ 24.Kb1 Qxg3 25.Rxg3 Nxb6 26.cxd3 Nd7 27.d4 Bf6 28.d5 e5 29.Rh3 Kg7
30.Rh1 Rfd8 31.Bf2 Nc5 32.Bc2 Be7 33.Rc1 Ne6  0-1

[Event "6th Paleochora Open"]
[Site "Paleochora GRE"]
[Date "2013.07.24"]
[Round "7.21"]
[White "Serntedakis,A"]
[Black "Naoum,S"]
[Result "1/2-1/2"]
[WhiteElo "1972"]
[BlackElo "2207"]

1.e4 c5 2.Nc3 Nc6 3.Bb5 Nd4 4.Bc4 e6 5.Nge2 g6 6.Nxd4 cxd4 7.Ne2 Bg7 8.d3 Ne7
9.O-O O-O 10.Bb3 d5  1/2-1/2

[Event "15th TCh-Eur Senior"]
[Site "Dresden GER"]
[Date "2013.07.25"]
[Round "6"]
[White "Schwier,M"]
[Black "Warnke,E"]
[Result "1-0"]
[WhiteElo "2103"]
[BlackElo "1848"]

1.e4 c5 2.Nf3 Nc6 3.Nc3 d6 4.Bc4 e6 5.O-O a6 6.a4 Nf6 7.d3 Be7 8.Bg5 Qc7
9.Qd2 b6 10.Rfe1 Bb7 11.Ne2 h6 12.Bh4 Rd8 13.Bg3 Nh5 14.Nf4 Nxf4 15.Bxf4 e5
16.Bg3 Nd4 17.Qd1 Bf6 18.c3 Nxf3+ 19.Qxf3 O-O 20.Qh5 Qe7 21.Re2 a5 22.Rf1 Bc8
23.f4 Be6 24.fxe5 dxe5 25.Bxe5 Bxc4 26.Bxf6 gxf6 27.dxc4 Rd6 28.Qxh6 f5 29.Qf4 fxe4
30.Rxe4 Qd8 31.Qf5 Rg6 32.Rg4 Qd6 33.Rxg6+ fxg6 34.Qxf8+ Qxf8 35.Rxf8+ Kxf8
36.Kf2 Kg7 37.h4 Kf6 38.g4 Kg7 39.Ke3 Kf6 40.Kf4 Ke6 41.h5 Kd6 42.g5  1-0

[Event "ch-AUT 2013"]
[Site "Feldkirch AUT"]
[Date "2013.07.25"]
[Round "6.14"]
[White "Higatsberger,M"]
[Black "Holzmann,H"]
[Result "1-0"]
[WhiteElo "2186"]
[BlackElo "2116"]

1.e4 c5 2.Nc3 Nc6 3.Bb5 Nd4 4.Bc4 g6 5.Nf3 Bg7 6.Nxd4 cxd4 7.Qf3 e6 8.Nb5 d6
9.Qa3 Ke7 10.c3 dxc3 11.bxc3 a6 12.Nd4 Qc7 13.Qb3 Bd7 14.Ba3 Nh6 15.f4 Rhc8
16.Be2 Ke8 17.O-O e5 18.fxe5 dxe5 19.Qb4 Bg4 20.Nf3 f6 21.d4 Bxf3 22.Rxf3 Rd8
23.Raf1 Kd7 24.dxe5 Qxe5 25.Qxb7+ Qc7 26.Rd3+  1-0

[Event "28th Avoine Open"]
[Site "Avoine FRA"]
[Date "2013.07.26"]
[Round "7.8"]
[White "Doluhanova,E"]
[Black "Shirazi,K"]
[Result "1/2-1/2"]
[WhiteElo "2320"]
[BlackElo "2411"]

1.e4 c5 2.Nc3 Nc6 3.Nf3 e5 4.Bc4 d6 5.h3 a6 6.a4 h6 7.O-O g5 8.Nh2 Nf6 9.d3 Bg7
10.Nd5 Nxd5 11.Bxd5 h5 12.f3 Qf6 13.Bxc6+ bxc6 14.Be3 Qg6 15.Qd2 Bf6 16.c3 a5
17.d4 exd4 18.cxd4 c4 19.Rac1 d5 20.b3 Be7 21.bxc4 dxe4 22.d5 g4 23.fxg4 hxg4
24.Nxg4 Bxg4 25.hxg4 Qh7 26.Rf4 cxd5 27.Qxd5 Qh1+ 28.Kf2 Bh4+ 29.Ke2 Qxg2+
30.Bf2 O-O 31.Qh5 e3 32.Qxh4 Rae8 33.Qg5+ Kh7 34.Qh4+ Kg8 35.Qg5+ Kh7 36.Qf5+ Kg8
37.Kd3 exf2 38.Rxf2 Qg3+ 39.Rf3 Qd6+ 40.Qd5 Qa3+ 41.Rc3 Qe7 42.Kc2 Rd8 43.Rce3 Rxd5
44.Rxe7 Rd4 45.Rc7 Rxg4 46.Rc5 Kg7 47.Kc3 Kg6 48.Rxa5 Rc8 49.c5 f5 50.Ra6+ Kg5
51.c6 Re4 52.Kd3 Re6 53.Ra5 Rd8+ 54.Kc4 Rxc6+ 55.Rc5 Rf6 56.Rf1 Rd2 57.a5 Rc2+
58.Kb4 Rb2+ 59.Kc3 Rb8 60.Rg1+ Kf4 61.Rf1+ Ke4 62.Re1+ Kf3 63.Rf1+ Kg4 64.Rg1+ Kf4
65.Rf1+ Kg5 66.Rg1+ Kh6 67.Rh1+ Kg6 68.Rg1+ Kf7 69.Rc7+ Ke6 70.Rc6+ Kf7 71.Rxf6+ Kxf6
72.Kd4 f4 73.a6 Rb4+ 74.Kc5 Ra4 75.Kb6 Kf5  1/2-1/2

[Event "III Brazil Maringa Open"]
[Site "Maringa BRA"]
[Date "2013.07.26"]
[Round "4.25"]
[White "Daneri,M"]
[Black "Gutierrez,Enrique Alberto Soto"]
[Result "1-0"]
[WhiteElo "2129"]
[BlackElo "1903"]

1.e4 c5 2.Nc3 Nc6 3.Bb5 d6 4.Bxc6+ bxc6 5.d3 g6 6.f4 Bg7 7.Nf3 Bg4 8.O-O e6
9.Bd2 Ne7 10.h3 Bxf3 11.Qxf3 O-O 12.g4 f5 13.Rae1 Qd7 14.gxf5 gxf5 15.e5 d5
16.Na4 Ng6 17.Nxc5 Qe7 18.b4 a5 19.a3 Rf7 20.d4 Bf8 21.bxa5 Rg7 22.Kh1 Qf7
23.Rg1 Bxc5 24.dxc5 Kh8 25.Rb1 Rag8 26.a6 Qf8 27.Qf2 Ra7 28.Rb6 Qh6 29.Kh2 Rga8
30.Qf1 Nxe5 31.Bc3  1-0

[Event "Yinzhou Cup CHN-USA Rapid"]
[Site "Ningbo CHN"]
[Date "2013.07.26"]
[Round "8.4"]
[White "Wang Jue"]
[Black "Melekhina,A"]
[Result "1-0"]
[WhiteElo "2399"]
[BlackElo "2216"]

1.e4 c5 2.Nf3 Nc6 3.Nc3 Nf6 4.Bb5 g6 5.e5 Ng4 6.Bxc6 dxc6 7.h3 Nh6 8.g4 Bg7
9.d3 O-O 10.Be3 f5 11.exf6 exf6 12.Qd2 Qe7 13.O-O-O Nf7 14.Rhe1 b6 15.d4 cxd4
16.Nxd4 Qb7 17.Bf4 c5 18.Ndb5 a6 19.Nc7 Ra7 20.N3d5 Kh8 21.Re7 Qc6 22.Rde1 Qa4
23.a3 Bb7 24.Nxb6 Qc6 25.Nd7 Ne5 26.Bxe5 fxe5 27.Ne6 Rg8 28.Nxe5 Bxe5 29.Qh6 Bg7
30.Rxg7  1-0

[Event "65th ch-MNE 2013"]
[Site "Cetinje SRB"]
[Date "2013.07.27"]
[Round "8.7"]
[White "Batricevic,J"]
[Black "Nikac,P"]
[Result "0-1"]
[WhiteElo "2166"]
[BlackElo "2333"]

1.e4 c5 2.Nc3 Nc6 3.Bb5 d6 4.Bxc6+ bxc6 5.f4 g6 6.Nf3 Bg7 7.O-O Nf6 8.d3 O-O
9.Qe1 Ne8 10.Bd2 Rb8 11.b3 Nc7 12.Rd1 Nb5 13.a4 Nd4 14.Nxd4 cxd4 15.Ne2 e6
16.Ng3 f5 17.e5 c5 18.exd6 Qxd6 19.Bc1 Bb7 20.Rd2 h5 21.Rff2 h4 22.Nf1 h3
23.gxh3 Kf7 24.Rde2 Rh8 25.Ba3 Rxh3 26.Qa5 Bf8 27.Nd2 Qc6 28.Rg2 Bd6 29.Nc4 Bxf4
30.Bxc5 Rbh8 31.Qd2 Bxd2 32.Ne5+ Ke8 33.Nxc6 Be3+ 34.Rxe3 dxe3  0-1

[Event "15th TCh-Eur Senior"]
[Site "Dresden GER"]
[Date "2013.07.27"]
[Round "8"]
[White "Kupreichik,V"]
[Black "Klundt,K"]
[Result "0-1"]
[WhiteElo "2446"]
[BlackElo "2338"]

1.e4 c5 2.Nf3 Nc6 3.Nc3 e5 4.Bc4 Be7 5.d3 Nf6 6.Ng5 O-O 7.f4 exf4 8.Bxf4 d6
9.Qd2 Nd4 10.O-O-O a6 11.Ne2 d5 12.Nxd4 cxd4 13.Bb3 a5 14.a3 a4 15.Ba2 b5
16.Nf3 b4 17.Nxd4 Qb6 18.c3 bxc3 19.Qxc3 Bd7 20.exd5 Rfc8 21.Nc6 Nxd5 22.Bxd5 Bxc6
23.Bc4 Bf6 24.Be5 Qe3+  0-1

[Event "ch-AUT 2013"]
[Site "Feldkirch AUT"]
[Date "2013.07.27"]
[Round "8.17"]
[White "Forster,Re"]
[Black "Sandhoefner,F"]
[Result "0-1"]
[WhiteElo "2077"]
[BlackElo "2270"]

1.e4 c5 2.Nc3 Nc6 3.Nge2 e6 4.g3 Nf6 5.Bg2 Be7 6.O-O O-O 7.d4 cxd4 8.Nxd4 d6
9.Nxc6 bxc6 10.e5 dxe5 11.Bxc6 Rb8 12.Qxd8 Rxd8 13.Rd1 Ba6 14.Bg2 Bc5 15.Rxd8+ Rxd8
16.Bg5 h6 17.Bxf6 gxf6 18.Rd1 Bd4 19.Rd2 Rb8 20.Nd1 Bxb2 21.c3 Ba3 22.Bf1 Bxf1
23.Kxf1 Kg7 24.Ke2 f5 25.f3 Bc5 26.c4 e4 27.Rc2 exf3+ 28.Kxf3 Kf6 29.Nb2 e5
30.Nd1 e4+ 31.Kf4 Rd8 32.Nc3 Bd6+ 33.Ke3 Ke5 34.Nd5 Bc5+ 35.Ke2 Rb8 36.Rd2 Rc8
37.Nf4 Bd4 38.Rc2 Rc6 39.Nd5 h5 40.Ne7 Re6 41.Nd5 h4 42.Nf4 Rh6 43.Kf1 hxg3
44.hxg3 Be3 45.Nd5 Bg5 46.Nb4 f4 47.gxf4+ Bxf4  0-1

[Event "III Brazil Maringa Open"]
[Site "Maringa BRA"]
[Date "2013.07.27"]
[Round "6.28"]
[White "Daneri,M"]
[Black "Da Silva,Joao Carlos Orguim"]
[Result "1/2-1/2"]
[WhiteElo "2129"]
[BlackElo "1895"]

1.e4 c5 2.Nc3 Nc6 3.Bb5 Nd4 4.Bc4 a6 5.a4 d6 6.Nf3 Nf6 7.h3 Bd7 8.e5 Nxf3+
9.Qxf3 Bc6 10.Qg3 dxe5 11.O-O Qd6 12.Re1 Nd7 13.d3 Qg6 14.Qh2 h5 15.f4 f6
16.Be6 exf4 17.Bxf4 h4 18.Re2 Rh5 19.Rae1 Rd8 20.Bc7 Ne5 21.Bxe5 fxe5 22.Rxe5 Rg5
23.Rxg5 Qxg5 24.Bg4 g6 25.a5 Bg7 26.Qc7 Bf6 27.Kh2 Rd4 28.Qc8+ Rd8 29.Qe6 Qf4+
30.Kh1 Kf8 31.Qe2 Rd6 32.Rf1 Qg3 33.Bf3 Be5 34.Bxc6+ Kg7 35.Kg1 Bd4+ 36.Kh1 Be5
37.Kg1 Bd4+ 38.Kh1 Be5  1/2-1/2

[Event "65th ch-MNE 2013"]
[Site "Cetinje SRB"]
[Date "2013.07.28"]
[Round "9.4"]
[White "Nikac,P"]
[Black "Batricevic,S"]
[Result "0-1"]
[WhiteElo "2333"]
[BlackElo "2237"]

1.e4 c5 2.Nc3 Nc6 3.Bb5 a6 4.Bxc6 dxc6 5.f4 e5 6.fxe5 Qh4+ 7.g3 Qe7 8.d3 h5
9.Be3 h4 10.Qf3 Nh6 11.h3 Qxe5 12.g4 f6 13.O-O-O Qg3 14.e5 f5 15.g5 Nf7 16.Bf4 Qxf3
17.Nxf3 Nd8 18.d4 Ne6 19.Ne2 cxd4 20.Nfxd4 c5 21.Nxe6 Bxe6 22.Nc3 Be7 23.Nd5 Bxd5
24.Rxd5 Rd8 25.Rxd8+ Bxd8 26.Rd1 Rh5 27.Rd5 Bxg5 28.Bxg5 Rxg5 29.Rxc5 Rg3
30.Rc7 g5  0-1

[Event "12th World U16 Ol"]
[Site "Chongqing CHN"]
[Date "2013.07.28"]
[Round "9"]
[White "Das,Say"]
[Black "Dai,Changren"]
[Result "1-0"]
[WhiteElo "2368"]
[BlackElo "2174"]

1.e4 c5 2.Nc3 Nc6 3.Bb5 d6 4.f4 Bd7 5.Bxc6 Bxc6 6.Nf3 Nf6 7.d3 g6 8.O-O Bg7
9.Qe1 O-O 10.f5 Nd7 11.Qh4 e6 12.Bg5 f6 13.Bd2 exf5 14.exf5 g5 15.Qg4 Qe8
16.Rae1 h5 17.Qg3 Ne5 18.Nxe5 dxe5 19.Ne4 Bxe4 20.Rxe4 Rd8 21.Be3 b6 22.a4 Qf7
23.b3 Kh7 24.h3 Bh6 25.a5 Qd7 26.Qf3 Qf7 27.axb6 axb6 28.Ra4 Rd7 29.Rfa1 Rfd8
30.Qc6 Rd6 31.Ra7 Rxc6 32.Rxf7+ Kg8 33.Rb7 Bf8 34.Ra6 h4 35.Kf2 Rcd6 36.Kf3 R8d7
37.Rxd7 Rxd7 38.Rxb6 Kf7 39.Rc6 Ra7 40.Bxc5 Bxc5 41.Rxc5 Rd7 42.b4 Rd4 43.Rc4 Rd7
44.b5 Rb7 45.Rc5 Ke7 46.c4  1-0

[Event "Sparkassen Open A 2013"]
[Site "Dortmund GER"]
[Date "2013.07.28"]
[Round "2.39"]
[White "Biermann,Florian"]
[Black "Melmer,Felix"]
[Result "0-1"]
[WhiteElo "1807"]
[BlackElo "2024"]

1.e4 c5 2.Nc3 Nc6 3.Bb5 g6 4.Bxc6 dxc6 5.d3 Bg7 6.Be3 b6 7.Qd2 e6 8.Nge2 Ba6
9.b3 h6 10.O-O Nf6 11.Rab1 Ng4 12.Bf4 h5 13.Nd1 e5 14.Bg5 f6 15.Be3 Nxe3
16.Nxe3 Bh6 17.Qc3 Rh7 18.Nc4 b5 19.Nb2 Qb6 20.Kh1 Bc8 21.h3 g5 22.Kh2 Be6
23.g3 O-O-O 24.a3 Bf8 25.f4 b4 26.axb4 cxb4 27.Qd2 h4 28.f5 hxg3+ 29.Nxg3 Bf7
30.Na4 Qd4 31.Ne2 Qxe4 32.Ng1 Qd5 33.Qf2 Qd4 34.Qg2 Bd5 35.Nf3 Qf4+ 36.Kg1 Qxf5
37.c4 bxc3 38.Nxc3 Bc5+ 39.d4 exd4 40.Nxd5 Rxd5 41.b4 Bb6 42.Rbc1 Kb7 43.Nh4 d3+
44.Kh1 Qe6  0-1

[Event "15th TCh-Eur Senior"]
[Site "Dresden GER"]
[Date "2013.07.28"]
[Round "9"]
[White "Ofstad,P"]
[Black "Werner,Cle"]
[Result "1/2-1/2"]
[WhiteElo "2173"]
[BlackElo "2337"]

1.e4 c5 2.Nc3 Nc6 3.Nge2 d6 4.d4 cxd4 5.Nxd4 g6 6.Be3 Nf6 7.Be2 Bg7 8.O-O O-O
9.h3 Bd7 10.Qd2 Rc8 11.Rad1 a6 12.Nf3 b5 13.Bd3 Na5 14.Bh6 Qc7 15.Bxg7 Kxg7
16.Nd5 Nxd5 17.exd5 Nc4 18.Qf4 e5 19.dxe6 fxe6 20.Qh4 d5 21.Rde1 Qf4 22.Qxf4 Rxf4
23.Ne5 Nxe5 24.Rxe5 b4 25.Rfe1  1/2-1/2

[Event "Politiken Cup 2013"]
[Site "Helsingor DEN"]
[Date "2013.07.28"]
[Round "2.24"]
[White "Mikkelsen,N"]
[Black "Johansen,St"]
[Result "1-0"]
[WhiteElo "2418"]
[BlackElo "2085"]

1.e4 c5 2.Nf3 Nc6 3.Nc3 g6 4.d4 cxd4 5.Nxd4 Bg7 6.Nb3 Nf6 7.Be2 a6 8.O-O b5
9.Re1 Bb7 10.Bf1 d6 11.Bg5 Rc8 12.Nd5 Nxd5 13.exd5 Ne5 14.f4 h6 15.Bh4 g5
16.fxe5 gxh4 17.e6 O-O 18.c3 fxe6 19.Rxe6 Rf5 20.Nd4 Rxd5 21.Rg6 Qd7 22.Bd3 Re5
23.Qd2  1-0

[Event "III Brazil Maringa Open"]
[Site "Maringa BRA"]
[Date "2013.07.28"]
[Round "8.25"]
[White "Ferreira,Ozeias Da Cunha"]
[Black "Silva,Lucas Henrique Da"]
[Result "0-1"]
[WhiteElo "1982"]
[BlackElo "2089"]

1.Nc3 c5 2.e4 Nc6 3.Nf3 Nf6 4.d4 cxd4 5.Nxd4 e6 6.Nxc6 bxc6 7.Bd3 d5 8.exd5 cxd5
9.O-O Be7 10.b3 O-O 11.Bb2 Bb7 12.Qe2 Qa5 13.a4 a6 14.Qe3 Rfe8 15.Qg3 e5
16.f3 Rac8 17.Ne2 Qb6+ 18.Kh1 Bd6 19.Qh4 Qc6 20.Ng3 Bf8 21.Rfe1 e4 22.fxe4 Nxe4
23.Nf5 Qg6 24.Rf1 Rcd8 25.Rae1 Bc8 26.Ng3 f5 27.Qf4 Bd6 28.Qf3 Nxg3+ 29.hxg3 Qh6+  0-1

[Event "5th Rethymno Open"]
[Site "Rethymno GRE"]
[Date "2013.07.28"]
[Round "1.28"]
[White "Trygstad,K"]
[Black "Bravos,Panagiotis"]
[Result "1-0"]
[WhiteElo "2236"]
[BlackElo "1481"]

1.e4 c5 2.Nc3 Nc6 3.Bb5 d6 4.Bxc6+ bxc6 5.d3 g6 6.f4 Bg7 7.Nf3 e6 8.O-O Ne7
9.Qe1 O-O 10.e5 d5 11.b3 Ba6 12.Ba3 c4 13.bxc4 Rc8 14.Qf2 Re8 15.Bd6 Nf5
16.c5 Nxd6 17.cxd6 Rb8 18.Rab1 Rxb1 19.Rxb1 Qa5 20.Qxa7 Qxc3 21.d7 Rd8 22.Rb8 Qa5
23.Qxa6  1-0

[Event "9th Tabor Open 2013"]
[Site "Tabor CZE"]
[Date "2013.07.28"]
[Round "1.7"]
[White "Simacek,V"]
[Black "Mudrak,J"]
[Result "0-1"]
[WhiteElo "1845"]
[BlackElo "2330"]

1.e4 c5 2.Nf3 Nc6 3.Nc3 e5 4.Bc4 Be7 5.O-O Nf6 6.d3 O-O 7.Nd5 d6 8.Nxe7+ Nxe7
9.h3 Ng6 10.Bg5 Be6 11.Nh4 Nxh4 12.Bxh4 h6 13.Qe2 g5 14.Bg3 Qd7 15.Rac1 b5
16.Bb3 a5 17.Bxe6 Qxe6 18.b3 b4 19.Qd2 Kg7 20.h4 Qg4 21.hxg5 hxg5 22.Bh2 Rh8
23.f3 Qh5 24.Kf2 Ne8 25.Rh1 Qg6 26.Bg3 Rxh1 27.Rxh1 Nc7 28.Rh3 a4 29.f4 gxf4
30.Bxf4 Qf6 31.Rf3 exf4 32.Rxf4 Qd4+ 33.Kf3 Ne6 34.Rg4+ Kf8 35.Qh6+ Ke7 36.Kg3 axb3
37.axb3 Ra2  0-1

[Event "5th Rethymno Open"]
[Site "Rethymno GRE"]
[Date "2013.07.29"]
[Round "3.16"]
[White "Soukos,K"]
[Black "Simeonidis,I"]
[Result "1/2-1/2"]
[WhiteElo "2142"]
[BlackElo "2238"]

1.e4 c5 2.Nc3 Nc6 3.Bb5 g6 4.Bxc6 dxc6 5.d3 b6 6.f4 Bg7 7.Nf3 c4 8.d4 Bg4
9.Be3 Bxf3 10.gxf3 e6 11.h4 Nf6 12.Qd2 Nh5 13.O-O-O O-O 14.Rdg1 Qd7 15.Ne2 Rad8
16.Rg5 f6 17.Rg2 f5  1/2-1/2

[Event "9th Tabor Open 2013"]
[Site "Tabor CZE"]
[Date "2013.07.29"]
[Round "2.11"]
[White "Zakoucka,A"]
[Black "Jedlicka,A"]
[Result "1-0"]
[WhiteElo "1994"]
[BlackElo "2226"]

1.e4 c5 2.Nc3 Nc6 3.Bb5 g6 4.Bxc6 dxc6 5.d3 Bg7 6.Be3 b6 7.f4 Nf6 8.h3 O-O
9.Nf3 c4 10.d4 b5 11.a3 a5 12.O-O Bb7 13.Nd2 Nh5 14.Ne2 c5 15.c3 cxd4 16.Bxd4 Qc7
17.Qc2 Rad8 18.Rad1 e5 19.fxe5 Bxe5 20.Nf3 Bg7 21.Bxg7 Nxg7 22.Rxd8 Rxd8
23.Ned4 Qc5 24.Qf2 Rd7 25.Qg3 Nh5 26.Qb8+ Qf8 27.Qe5 Re7 28.Qxb5 Ng3 29.Re1 Nxe4
30.Qxc4 Qb8 31.Ne2 Nd6 32.Qb3 Qa7+ 33.Ned4 Rxe1+ 34.Nxe1 Nf5 35.Qc4 Ba6 36.Qc6 Qe7
37.Qa8+ Kg7 38.Nxf5+ gxf5 39.Qxa6 Qxe1+ 40.Qf1 Qe3+ 41.Qf2 Qc1+ 42.Kh2 Kg6
43.Qg3+ Kf6 44.Qh4+ Kg6 45.Qf2 f4 46.a4 f6 47.Qe2 h5 48.Qd3+ Kh6 49.b4 Qa3
50.Qd4 axb4 51.Qxf6+ Kh7 52.Qf7+ Kh8 53.Qxh5+ Kg7 54.Qg5+ Kh7 55.Qe7+ Kg6
56.Qxb4 Qc1 57.Qe4+ Kg5 58.Qe5+ Kg6 59.a5 Qf1 60.Qe6+ Kg5 61.c4  1-0

[Event "100th ch-GBR 2013"]
[Site "Torquay ENG"]
[Date "2013.07.29"]
[Round "1.4"]
[White "Wadsworth,Matthew J"]
[Black "Gordon,S"]
[Result "0-1"]
[WhiteElo "2136"]
[BlackElo "2521"]

1.e4 c5 2.Nc3 Nc6 3.Bb5 Nd4 4.Bc4 e6 5.Nge2 Nf6 6.O-O a6 7.d3 b5 8.Bb3 Nxb3
9.axb3 Bb7 10.e5 Ng4 11.d4 Qc7 12.Nf4 cxd4 13.Nxb5 axb5 14.Rxa8+ Bxa8 15.Qxg4 Qxe5
16.Nd3 Qd5 17.Bf4 f6 18.f3 Kf7 19.Bg3 h5 20.Qf4 h4 21.Bf2 e5 22.Qf5 Bc6 23.Re1 Bd6
24.Qg4 h3 25.Bg3 hxg2 26.Kxg2 Qe6 27.Qxe6+ Kxe6 28.Kf2 g5 29.Re2 Kf5 30.Re1 Rc8
31.Re2 Bf8 32.h4 gxh4 33.Bxh4 Bh6 34.Kf1 Bxf3 35.Rf2 e4 36.Ne1 Be3 37.Rh2 Rh8
38.Nxf3 exf3  0-1

[Event "Politiken Cup 2013"]
[Site "Helsingor DEN"]
[Date "2013.07.30"]
[Round "5.78"]
[White "Hanssen,Johnny"]
[Black "Andersen,Ru1"]
[Result "1-0"]
[WhiteElo "1879"]
[BlackElo "2083"]

1.e4 c5 2.Nc3 Nc6 3.Bb5 g6 4.Bxc6 bxc6 5.f4 Bg7 6.Nf3 d6 7.d3 Nf6 8.O-O O-O
9.Qe1 Ng4 10.h3 Nh6 11.f5 e6 12.f6 Bxf6 13.Bxh6 Re8 14.e5 dxe5 15.Ne4 Be7
16.Nxe5 Qd4+ 17.Qf2 f5 18.Qxd4 cxd4 19.Nxc6 Bb7 20.Nxe7+ Rxe7 21.Nc5 Rc8
22.b4 Bd5 23.Bg5 Rf7 24.Rfe1 Re8 25.Re5 Kg7 26.Rae1 h6 27.Bxh6+  1-0

[Event "Politiken Cup 2013"]
[Site "Helsingor DEN"]
[Date "2013.07.30"]
[Round "5.100"]
[White "Karlsson,Ulf"]
[Black "Martinez Vestergard,Kristian"]
[Result "1-0"]
[WhiteElo "1973"]
[BlackElo "1809"]

1.e4 c5 2.Nc3 Nc6 3.Bb5 e6 4.Bxc6 bxc6 5.f4 Nf6 6.d3 Qb6 7.Nf3 Be7 8.b3 d5
9.e5 Nd7 10.Na4 Qc7 11.c4 a5 12.Be3 O-O 13.Bf2 d4 14.O-O f6 15.Bg3 f5 16.Nb2 Nb6
17.a4 Ba6 18.Qe1 Rfb8 19.Bh4 Bxh4 20.Qxh4 Nd7 21.Nd2 Nf8 22.Nd1 Ra7 23.Nf2 Qe7
24.Qg3 h6 25.Qh3 Kh7 26.g4 fxg4 27.Qxg4 Bc8 28.Nfe4 Ng6 29.Kh1 Nh8 30.Rg1 Bd7
31.Rg3 Be8 32.Nf6+  1-0

[Event "5th Rethymno Open"]
[Site "Rethymno GRE"]
[Date "2013.07.30"]
[Round "4.19"]
[White "Serntedakis,A"]
[Black "Phadke,So1"]
[Result "1-0"]
[WhiteElo "1972"]
[BlackElo "2211"]

1.e4 c5 2.Nc3 Nc6 3.Bb5 Nd4 4.Bc4 e6 5.Nge2 Nf6 6.O-O a6 7.d3 d5 8.exd5 exd5
9.Nxd5 Nxd5 10.Nxd4 cxd4 11.Qh5 Be6 12.Re1 Be7 13.Rxe6 Nf6 14.Rxf6 gxf6 15.Qxf7+ Kd7
16.Bf4 Qb6 17.Re1 Rae8 18.g3 Qa5 19.Re4 Qc5 20.Qe6+ Kd8 21.b4  1-0

[Event "39th Sitges Open"]
[Site "Sitges ESP"]
[Date "2013.07.30"]
[Round "8.6"]
[White "Firman,N"]
[Black "Ynojosa,F"]
[Result "0-1"]
[WhiteElo "2526"]
[BlackElo "2405"]

1.e4 c5 2.Nf3 Nc6 3.Nc3 d6 4.d4 cxd4 5.Nxd4 e5 6.Nf3 Nf6 7.Bc4 Be7 8.O-O O-O
9.Bg5 Be6 10.Bb3 Ne8 11.Be3 Bg4 12.h3 Bh5 13.Nd5 Nc7 14.Nxe7+ Qxe7 15.Bg5 Qxg5
16.Nxg5 Bxd1 17.Raxd1 Rad8 18.f4 h6 19.Nxf7 Rxf7 20.Bxf7+ Kxf7 21.fxe5+ Ke6
22.exd6 Ne8 23.e5 Nxe5 24.Rf8 Kd7 25.Rf5 Ke6 26.Rf8 Kd7 27.Re1 Nc6 28.g4 Rc8
29.Re2 a5 30.a3 a4 31.c3 b5  0-1

[Event "100th ch-GBR 2013"]
[Site "Torquay ENG"]
[Date "2013.07.30"]
[Round "2.50"]
[White "Mercs,P"]
[Black "Kalaiyalahan,Akshaya"]
[Result "1/2-1/2"]
[WhiteElo "2109"]
[BlackElo "1920"]

1.e4 c5 2.Nf3 Nc6 3.Nc3 g6 4.d4 cxd4 5.Nxd4 Bg7 6.Nb3 Nf6 7.Be2 O-O 8.O-O d6
9.Be3 Bd7 10.f4 Rc8 11.Kh1 Be6 12.Qd2 a6 13.Bd3 b5 14.Rae1 Re8 15.Nd5 Bxd5
16.exd5 Nxd5 17.Bg1 Nf6 18.Rf3 e5 19.Rh3 exf4 20.Rxe8+ Qxe8 21.c4 Ne5 22.cxb5 axb5
23.Qxf4 Nxd3 24.Rxd3 Qe5 25.Qb4 Qxb2 26.Qxb5 Qxa2 27.Rxd6 Ne4 28.Rd1 Nf2+
29.Bxf2 Qxf2 30.Rf1 Qa7 31.Nd2 Rb8 32.Qc4 Qe7 33.Nf3 h6 34.h3 Rb4 35.Qc8+ Kh7
36.Qc2 Rb2 37.Qc1 Qe2 38.Rg1 Be5 39.Nxe5 Qxe5 40.Qc4 Qe6 41.Qxe6 fxe6 42.Re1 Rb6
43.g4 Kg7 44.Kg2 Kf6 45.Re3 e5 46.Kf3 Re6 47.Ke4 Rd6 48.Rf3+ Ke6 49.Rf8 Rd4+
50.Ke3 Ra4 51.Re8+ Kf6 52.Rf8+ Ke7 53.Rh8 Ra3+ 54.Ke4 Rxh3 55.Kxe5 Kf7 56.Rh7+ Kg8
57.Ra7 h5 58.gxh5 gxh5 59.Kf4 Rb3 60.Kg5 Rh3 61.Rb7 h4 62.Rb4  1/2-1/2

[Event "Politiken Cup 2013"]
[Site "Helsingor DEN"]
[Date "2013.07.31"]
[Round "6.64"]
[White "Ivarsson,T"]
[Black "Greeuw,S"]
[Result "1-0"]
[WhiteElo "2121"]
[BlackElo "1971"]

1.e4 c5 2.Nc3 Nc6 3.Bb5 Nd4 4.Bc4 e6 5.Nge2 Ne7 6.Nxd4 cxd4 7.Nb5 Nc6 8.c3 Qb6
9.O-O a6 10.Nxd4 Nxd4 11.cxd4 Qxd4 12.d3 b5 13.Bb3 Be7 14.Be3 Qxb2 15.d4 Bb7
16.Qg4 g6 17.Rad1 Qa3 18.Rd3 Qa5 19.Bh6 b4 20.d5 Qb6 21.Qf4 Rc8 22.d6 g5
23.Bxg5 Bxg5 24.Qxg5 Qd8 25.Qh5 Qf6 26.Rf3 Qg7 27.Rg3 Qf8 28.e5 Rc3 29.Qh4 h5
30.Qxb4 Rxg3 31.Qxb7  1-0

[Event "Politiken Cup 2013"]
[Site "Helsingor DEN"]
[Date "2013.07.31"]
[Round "6.132"]
[White "Kyrkjebo,Marte B."]
[Black "Rose,Dennis Lauge"]
[Result "1-0"]
[WhiteElo "1641"]
[BlackElo "1827"]

1.e4 c5 2.Nc3 Nc6 3.Bb5 d6 4.Bxc6+ bxc6 5.f4 g6 6.d3 Bg7 7.Nf3 Nf6 8.O-O O-O
9.Qe1 Qb6 10.Kh1 Nh5 11.Nh4 Bf6 12.f5 Qd8 13.g4 Ng7 14.Bh6 e6 15.Ng2 exf5
16.gxf5 d5 17.e5 Re8 18.Bxg7 Kxg7 19.exf6+ Kg8 20.Qh4 Re5 21.fxg6 hxg6 22.Qh6 Qf8
23.Qxf8+ Kxf8 24.Rae1 Rg5 25.Rf3 Rg4 26.Rh3 Kg8 27.Re8+  1-0

[Event "5th Rethymno Open"]
[Site "Rethymno GRE"]
[Date "2013.07.31"]
[Round "5.30"]
[White "Pandelidis,I"]
[Black "Markaki,S"]
[Result "1-0"]
[WhiteElo "2064"]
[BlackElo "1691"]

1.e4 c5 2.Nc3 Nc6 3.Bb5 Nd4 4.Nf3 Nxb5 5.Nxb5 a6 6.Nc3 e6 7.d4 cxd4 8.Qxd4 Ne7
9.Bf4 Nc6 10.Qd3 Nb4 11.Qd2 d5 12.O-O-O Qa5 13.a3 dxe4 14.Nxe4 Nc6 15.Nd6+ Bxd6
16.Qxd6 Qd8 17.Qc5 Qa5 18.Qd6 Qd8 19.Qxd8+ Nxd8 20.Bc7 Nc6 21.Ne5 O-O 22.Nxc6 bxc6
23.b4 Ra7 24.Bb6 Rb7 25.Bc5 Re8 26.Rd6 Rd7 27.Rxd7 Bxd7 28.Rd1 Bc8 29.Rd6 Bb7
30.Rd7 Ba8 31.Ra7 g6 32.Rxa6 Kg7 33.Ra7 Kf6 34.Kd2 e5 35.g4 h5 36.h3 Ke6
37.c4 Rc8 38.Ke3 Kf6 39.Ke4 hxg4 40.hxg4 Kg5 41.Rxf7 Kxg4 42.Ra7 Re8 43.a4 Kg5
44.a5 Kf6 45.a6 Kg5 46.Rxa8 Rxa8 47.a7  1-0

[Event "3rd Chinese Master Rapid Men"]
[Site "Shenzhen CHN"]
[Date "2013.07.31"]
[Round "4.3"]
[White "Hou Yifan"]
[Black "Li Chao2"]
[Result "0-1"]
[WhiteElo "2600"]
[BlackElo "2686"]

1.e4 c5 2.Nf3 Nc6 3.Nc3 g6 4.d4 cxd4 5.Nxd4 Bg7 6.Be3 Nf6 7.Bc4 d6 8.f3 Qb6
9.Nf5 Qxb2 10.Nxg7+ Kf8 11.Nd5 Nxd5 12.Bxd5 Kxg7 13.O-O Qc3 14.Qc1 h5 15.Rd1 f6
16.Rb1 Nd8 17.f4 Qc7 18.Qb2 e6 19.Bb3 Nf7 20.Rd2 Qe7 21.Rbd1 Rd8 22.e5 fxe5
23.fxe5 d5 24.Rf1 Nh6 25.Bxh6+ Kxh6 26.Rdf2 Kg7 27.Qc1 Bd7 28.Rf6 Be8 29.Qg5 Rd7
30.c4 d4 31.Bd1 Qa3 32.R6f3 Qe7 33.Rf6 Qa3 34.Kh1 Qe3 35.R6f4 Kh7 36.Bf3 Rc8
37.g4 Rxc4 38.gxh5 Rc1 39.hxg6+ Kg8 40.Rxc1 Qxc1+ 41.Kg2 Qc2+ 42.Kh1 Qb1+
43.Kg2 Qxg6 44.Rg4 Qxg5 45.Rxg5+ Kf8 46.Kf2 Rh7 47.Kg3 b5 48.h4 b4 49.Bg4 d3
50.Bxe6 d2 51.Rg8+ Ke7 52.Bb3 Bf7 53.Ra8 Bxb3  0-1